00231nam a2200097 a 4500008004100000050002100041100001900062245001500081260002800096350000900124120416s1975 ||||||||||||||||| || u aPS 3558.E796 Her aHerzog, Arthur10aEarthsound aLondonbHeinemannc1975 a0.00